<?xml version="1.0" encoding="UTF-8"?>
<record
    xmlns:xsi="http://www.w3.org/2001/XMLSchema-instance"
    xsi:schemaLocation="http://www.loc.gov/MARC21/slim http://www.loc.gov/standards/marcxml/schema/MARC21slim.xsd"
    xmlns="http://www.loc.gov/MARC21/slim">

  <leader>00458nam a22001457a 4500</leader>
  <datafield tag="082" ind1=" " ind2=" ">
    <subfield code="a">297</subfield>
    <subfield code="b">NAL</subfield>
    <subfield code="c">M</subfield>
  </datafield>
  <datafield tag="100" ind1=" " ind2=" ">
    <subfield code="a">Nalvi, Allama Mufti Syed Muhammad Hussain</subfield>
    <subfield code="9">51117</subfield>
  </datafield>
  <datafield tag="245" ind1=" " ind2=" ">
    <subfield code="a">&#x645;&#x642;&#x627;&#x644;&#x627;&#x62A; &#x646;&#x6CC;&#x644;&#x648;&#x6CC;</subfield>
  </datafield>
  <datafield tag="260" ind1=" " ind2=" ">
    <subfield code="a">Sargoda, Punjab.</subfield>
    <subfield code="b">Idara Gulistan Islam,</subfield>
    <subfield code="c">2001.</subfield>
  </datafield>
  <datafield tag="300" ind1=" " ind2=" ">
    <subfield code="a">472p.1186p.1909p.</subfield>
  </datafield>
  <datafield tag="526" ind1=" " ind2=" ">
    <subfield code="a">0</subfield>
    <subfield code="b">0</subfield>
    <subfield code="c">0</subfield>
    <subfield code="d">297_000000000000000_NAL</subfield>
  </datafield>
  <datafield tag="526" ind1=" " ind2=" ">
    <subfield code="a">0</subfield>
    <subfield code="b">0</subfield>
    <subfield code="c">0</subfield>
    <subfield code="d">297_000000000000000_NAL</subfield>
  </datafield>
  <datafield tag="526" ind1=" " ind2=" ">
    <subfield code="a">0</subfield>
    <subfield code="b">0</subfield>
    <subfield code="c">0</subfield>
    <subfield code="d">297_000000000000000_NAL</subfield>
  </datafield>
  <datafield tag="942" ind1=" " ind2=" ">
    <subfield code="2">ddc</subfield>
    <subfield code="c">BK</subfield>
  </datafield>
  <datafield tag="999" ind1=" " ind2=" ">
    <subfield code="c">553869</subfield>
    <subfield code="d">553869</subfield>
  </datafield>
  <datafield tag="952" ind1=" " ind2=" ">
    <subfield code="0">0</subfield>
    <subfield code="1">0</subfield>
    <subfield code="2">ddc</subfield>
    <subfield code="4">0</subfield>
    <subfield code="7">0</subfield>
    <subfield code="a">MCE</subfield>
    <subfield code="b">MCE</subfield>
    <subfield code="d">2017-05-18</subfield>
    <subfield code="l">0</subfield>
    <subfield code="o">297 NAL</subfield>
    <subfield code="p">MCE-129M</subfield>
    <subfield code="r">2017-05-18</subfield>
    <subfield code="w">2017-05-18</subfield>
    <subfield code="y">BK</subfield>
    <subfield code="z">&#x62D;&#x635;&#x6C1; &#x627;&#x648;&#x644;</subfield>
  </datafield>
  <datafield tag="952" ind1=" " ind2=" ">
    <subfield code="0">0</subfield>
    <subfield code="1">0</subfield>
    <subfield code="2">ddc</subfield>
    <subfield code="4">0</subfield>
    <subfield code="7">0</subfield>
    <subfield code="a">MCE</subfield>
    <subfield code="b">MCE</subfield>
    <subfield code="d">2017-05-18</subfield>
    <subfield code="l">0</subfield>
    <subfield code="o">297 NAL</subfield>
    <subfield code="p">MCE-130M</subfield>
    <subfield code="r">2017-05-18</subfield>
    <subfield code="w">2017-05-18</subfield>
    <subfield code="y">BK</subfield>
    <subfield code="z">&#x62D;&#x635;&#x6C1; &#x62F;&#x648;&#x645;</subfield>
  </datafield>
  <datafield tag="952" ind1=" " ind2=" ">
    <subfield code="0">0</subfield>
    <subfield code="1">0</subfield>
    <subfield code="2">ddc</subfield>
    <subfield code="4">0</subfield>
    <subfield code="7">0</subfield>
    <subfield code="a">MCE</subfield>
    <subfield code="b">MCE</subfield>
    <subfield code="d">2017-05-18</subfield>
    <subfield code="l">0</subfield>
    <subfield code="o">297 NAL</subfield>
    <subfield code="p">MCE-131M</subfield>
    <subfield code="r">2017-05-18</subfield>
    <subfield code="w">2017-05-18</subfield>
    <subfield code="y">BK</subfield>
    <subfield code="z">&#x62D;&#x635;&#x6C1; &#x633;&#x648;&#x645;</subfield>
  </datafield>
</record>
